| 000 | 01188cam a2200301 a 4500 | ||
|---|---|---|---|
| 999 |
_c16664 _d16664 |
||
| 001 | 3087450 | ||
| 003 | OSt | ||
| 005 | 20161116110810.0 | ||
| 008 | 980312s1998 ctua b 001 0 eng | ||
| 010 | _a 98015257 | ||
| 020 | _a0300075308 (cloth) | ||
| 040 |
_aDLC _cDLC _dDLC |
||
| 050 | 0 | 0 |
_aNA2515 _b.P36 1998 |
| 082 | 0 | 0 |
_a720 _221 |
| 245 | 0 | 0 |
_aPaper palaces : _bthe rise of the Renaissance architectural treatise / _cedited by Vaughan Hart, with Peter Hicks. |
| 260 |
_aNew Haven, CT : _bYale University Press, _cc1998. |
||
| 300 |
_axii, 414 p. : _bill. ; _c24 cm. |
||
| 504 | _aIncludes bibliographical references (p. [368]-401) and index. | ||
| 650 | 0 |
_aArchitecture _xEarly works to 1800. |
|
| 650 | 0 |
_aArchitecture _xTextbooks. |
|
| 650 | 0 |
_aArchitecture, Renaissance _xTextbooks. |
|
| 700 | 1 |
_aHart, Vaughan, _d1960- |
|
| 700 | 1 |
_aHicks, Peter, _d1964- |
|
| 906 |
_a7 _bcbc _corignew _d1 _eocip _f19 _gy-gencatlg |
||
| 942 |
_2lcc _cBOOKS _hNA 2515 .P36 1998 |
||